000 00844nam a22001457a 4500
999 _c4669
_d4669
020 _a0735579490
020 _a9780735579491
050 _aKF8820.A2
_bYe3
100 _a Yeazell, Stephen C.
245 _aFederal rules of civil procedure : with selected statutes, cases and other materials 2009.
_c Yeazell, Stephen C.
260 _b Kluwer Law International,
_c 2009.
300 _axv,445p.
_e25cm.
505 _a Federal rules of civil procedure for the United States District Courts -- Appendix of forms -- Supplemental rules for admiralty or maritime claims and asset forfeiture actions -- Selected Federal rules of appellate procedure -- The Constitution of the United States -- Selected provisions from United States Code, Title 28: Judiciary and Judicial Procedure -- Supplementary cases, notes, and other materials.
942 _cBK